عرض عادي
عرض مارك
- الديسي، ربى محمود
دخول Personal Name
001 - CONTROL NUMBER
- control field: 29232
003 - CONTROL NUMBER IDENTIFIER
- control field: AE-AdECS
005 - DATE AND TIME OF LATEST TRANSACTION
- control field: 20260424090452.0
008 - FIXED-LENGTH DATA ELEMENTS
- fixed length control field: 260424|| aca||aabn | a|a d
040 ## - CATALOGING SOURCE
- Original cataloging agency: AE-AdECS
- Transcribing agency: AE-AdECS
100 ## - HEADING--PERSONAL NAME
- Personal name: الديسي، ربى محمود
670 ## - SOURCE DATA FOUND
- Source citation: Work cat.: (AE-AdECS)294906: الديسي، ربى محمود مؤلفة., مدخل إلى صعوبات القراءة (الديسلكسيا) /
